000 00530nam a22001697a 4500
999 _c19640
_d19640
008 240313b ||||| |||| 00| 0 eng d
020 _a0030081149
082 _aDC 520
_bP26 1987
100 _aPasachoff, Jay M.
_954471
245 _aAstronomy :
_bfrom the earth to the universe /
_cJay M. Pasachoff.
250 _a3rd edition.
260 _aNew York :
_bCBS College Publishing :
_c©1987.
300 _axvii, 584 pages :
_billustrations ;
_c24 cm.
500 _aIncludes index.
650 _aAstronomy.
_954609
942 _2ddc
_cDC